[Event "HokkaidoCh2019"]
[Site "?"]
[Date "2019.03.23"]
[Round "3.3"]
[White "Hakamada, Eiji"]
[Black "Watanabe, Katsumi"]
[Result "0-1"]
[WhiteElo "1531"]
[BlackElo "1741"]
[Annotator "Fritz 15 (30s)"]
[PlyCount "122"]
[SourceVersionDate "2019.03.23"]

{[%mdl 8256] E94: King's Indian: Classical: 6 Be2 e5 7 0-0: Various Black 7th
moves} 1. c4 Nf6 2. Nf3 g6 3. d4 Bg7 4. Nc3 O-O 5. e4 d6 6. Be2 Nbd7 7. O-O e5
8. d5 Nc5 9. Qc2 a5 10. Be3 b6 11. a3 {White has a very active position} (11.
Nd2 Ne8 12. a3 f5 13. f3 a4 14. Bxc5 bxc5 15. Nxa4 Bh6 16. Nc3 Qh4 17. Rfd1
Be3+ 18. Kh1 Nf6 19. Nf1 Bd4 20. exf5 gxf5 21. Nb5 Rf7 22. Nxd4 cxd4 23. Ng3 f4
24. Ne4 Nxe4 25. fxe4 Rf6 {Heissler,J (2435)-Werner,D (2420) Germany 1997 1-0 
(40)}) 11... Nh5 $146 (11... Ng4 12. Bxc5 bxc5 13. b4 (13. h3 Nh6 14. Qd2 f5
15. Qg5 Qe8 16. Qd2 f4 17. Nb5 Qe7 18. b4 Nf7 19. bxc5 dxc5 20. Rfd1 Nd6 21.
Nxd6 cxd6 22. Rab1 g5 23. Nh2 Qf7 24. Qc3 Kh8 25. Qf3 Bf6 26. Qh5 Qxh5 27. Bxh5
Ba6 {Russell,M (2200)-Aaron,A (2295) London 1978 0-1 (41)}) 13... cxb4 14. axb4
f5 15. Rxa5 Rxa5 16. bxa5 Nf6 17. Nd2 Bh6 18. Bd3 Nh5 19. Nf3 Nf4 20. c5 dxc5
21. a6 Qd6 22. Ra1 c6 23. Bc4 Kh8 24. dxc6 Qxc6 25. Nxe5 Qc7 26. Nf7+ {Csikos,
M (2184)-Kovacs,J (2205) Hungary 2005 1-0}) (11... a4 12. Nd2 Bd7 13. b4 axb3
14. Nxb3 Na4 15. Nb5 h5 16. h3 Nh7 17. Rac1 Bf6 18. Qd2 Bg5 19. f4 exf4 20.
Bxf4 Nc5 21. Nxc5 bxc5 22. Ra1 Bxb5 23. cxb5 Ra4 24. Bd3 Qe7 25. Bc2 Rd4 26.
Qf2 {Vokoun,J (2212)-Novikov,S (2545) Pardubice 2012 0-1 (32)}) 12. b4 Nb7 13.
Bg5 {White threatens to win material: Bg5xd8} f6 {Black threatens to win
material: f6xg5} 14. Bd2 f5 {Black has a cramped position} 15. Bd3 f4 {This
push gains space} (15... Nf4 16. h3 $14) 16. Kh1 (16. h3 Bd7 $14) 16... Bg4 (
16... g5 17. Qd1 $11) 17. Be2 $14 Qd7 {White has an active position} 18. Ng1 (
18. h3 Bxh3 19. bxa5 Nxa5 20. gxh3 Qxh3+ 21. Kg1 $11) 18... Bxe2 $11 {Black
forks: f1+c4} 19. Ncxe2 Rf7 (19... c6 20. Nc3 $11) 20. bxa5 (20. Nf3 Rff8 $14)
20... Nxa5 $11 21. Bxa5 bxa5 (21... Rxa5 22. Nc3 $11) 22. Nf3 h6 {Secures g5} (
22... Rff8 23. Rab1 $14) 23. c5 $14 {Nimzovich: attack the chain at its base}
g5 24. cxd6 (24. h3 g4 25. c6 Qc8 26. hxg4 Qxg4 $14) 24... cxd6 $11 25. Qc6 (
25. Rac1 Rb8 $14) 25... Raf8 $4 {gives the opponent new chances} (25... Qxc6
$142 26. dxc6 Rc7 $17) 26. Qxd7 $14 Rxd7 27. Rac1 (27. Nd2 g4 $14) 27... g4 {
Black threatens to win material: g4xf3} 28. Nh4 f3 (28... Rb8 29. Rc6 $11) 29.
gxf3 $14 gxf3 30. Nc3 (30. Ng3 Nf4 $14) 30... Nf4 (30... Rf4 31. Nf5 $15) 31.
Nf5 {'the knight is the knight!'} Rf6 (31... Rb8 32. Rb1 Rxb1 33. Rxb1 $11) 32.
Rg1 (32. Rce1 Ng2 33. Rb1 Nf4 $14) 32... Nd3 {Black has a mate threat} (32...
Rc7 33. Rb1 $11) 33. Rc2 {Black has a cramped position} (33. Rcf1 Kh7 $14)
33... Kh7 (33... Rc7 34. Rg3 Rxf5 35. exf5 Kf7 $17) 34. Nxg7 $4 {White loses
the upper hand} (34. Nb5 $142 $14 {and White has air to breath}) 34... Rxg7 $17
35. Rxg7+ Kxg7 36. Nd1 Nc5 37. Rc4 (37. Ne3 Nxe4 38. h3 Kg6 $19) 37... Rf4 $19
38. Nc3 Kg6 39. h3 Kh5 40. Kh2 Kh4 41. a4 (41. Nb5 Nxe4 42. Rc2 Kg5 $19) 41...
Rf6 42. Nb5 $4 {White falls apart} (42. Nd1 $142 Kg5 43. Nc3 $19) 42... Rg6 (
42... Nd3 $142 {makes it even easier for Black} 43. Nxd6 Rxd6 $19) 43. Nxd6 (
43. Rc3 Rg2+ 44. Kh1 Rxf2 45. Nxd6 Nxa4 46. Ra3 $19) 43... Nd3 (43... Rg2+ $142
{it becomes clear that Black will call all the shots} 44. Kh1 Nd3 $19) 44. Nf5+
$18 Kh5 45. Ng3+ Kg5 46. Rc2 (46. Rc3 $142 Nxf2 47. Rxf3 $18) 46... Kf4 $4 {
a blunder in a bad position} (46... Rb6 $142 $16) 47. Rd2 (47. Rc6 $142 {
secures the point} Rg8 48. Nh5+ Kg5 49. Nf6 $18) 47... Nxf2 $1 $19 {Remove
defender: f2} 48. d6 (48. Rxf2 Rxg3 {Remove defender}) 48... Rxg3 49. Rxf2 Rg8
50. d7 (50. Rb2 Kxe4 51. d7 Kf4 $19) 50... Kxe4 (50... Rd8 51. Kg1 Rxd7 52. Rf1
Rg7+ 53. Kf2 Rg2+ 54. Ke1 Ra2 55. Rxf3+ Kxf3 56. h4 Rc2 57. Kd1 Rc8 58. Kd2 Kf2
59. Kd3 Ke1 60. h5 Rc7 61. Ke3 Rc3#) 51. Rd2 (51. Rc2 Rd8 52. Kg3 Rxd7 53. Rc3
Rg7+ 54. Kf2 Rg2+ 55. Ke1 $19) 51... Rd8 52. Kg3 Ke3 53. Rd5 (53. Rd6 e4 54.
Kg4 f2 55. Rd1 Rxd7 56. Rxd7 f1=Q 57. Rd5 Qf4+ 58. Kh5 Qf7+ 59. Kxh6 Qxd5 60.
h4 Kd3 61. Kg6 e3 62. h5 Qc6+ 63. Kg5 Qc5+ 64. Kg6 e2 65. h6 Qd5 66. h7 e1=Q
67. h8=Q Qg1+ 68. Kf6 Qgg5#) 53... e4 54. h4 f2 55. Rf5 (55. Rd1 {doesn't
improve anything} Ke2 56. Rb1 Rxd7 57. h5 f1=Q 58. Rxf1 Kxf1 59. Kf4 Re7 60.
Ke3 Re8 61. Kd4 e3 62. Kd5 Rg8 63. Kd4 e2 64. Kc5 e1=Q 65. Kb6 Qe6+ 66. Kc7
Rg7+ 67. Kb8 Qe8#) 55... Rxd7 56. Kg2 (56. Kg4 {does not save the day} Ke2 57.
Kh5 f1=Q 58. Rxf1 Kxf1 59. Kxh6 e3 60. h5 e2 61. Kg6 e1=Q 62. Kf6 Qe7+ 63. Kf5
Rd5+ 64. Kg4 Rg5+ 65. Kh4 Qe5 66. h6 Qg3#) 56... Rd2 (56... Rg7+ 57. Kh3 Ke2
58. Rf4 f1=Q+ 59. Rxf1 Kxf1 60. h5 Kf2 61. Kh4 Kf3 62. Kh3 Rg2 63. Kh4 Rh2#)
57. Rb5 Ke2 58. Rb1 (58. Rf5 {doesn't change the outcome of the game} Ke1 59.
Kg3 e3 60. Rb5 f1=Q 61. Rb1+ Rd1 62. Rb2 e2 63. Rb3 h5 64. Ra3 Qf2+ 65. Kh3 Kf1
66. Rg3 Rd3 67. Rxd3 Qg2#) 58... e3 59. h5 Rd1 60. Rb2+ Kd3 61. Rb3+ (61. Rxf2
{does not improve anything} exf2 62. Kxf2 Rd2+ 63. Kf3 Ra2 64. Kf4 Kd4 65. Kf5
Kd5 66. Kf6 Re2 67. Kf7 Kd6 68. Kf6 Rf2+ 69. Kg6 Ke7 70. Kg7 Rg2+ 71. Kh8 Kf7
72. Kh7 Re2 73. Kh8 Re8+ 74. Kh7 Kf6 75. Kxh6 Rh8#) 61... Kc4 (61... Kc4 62.
Rxe3 f1=Q+ 63. Kg3 Qg1+ 64. Kf3 Rf1+ 65. Ke4 Qh1+ 66. Rf3 Qxf3+ 67. Ke5 Qd5#) (
61... Ke4 62. Kg3 f1=Q 63. Rxe3+ Kxe3 64. Kh4 Qf4+ 65. Kh3 Rh1+ 66. Kg2 Qf3#)
0-1

[Event "HokkaidoCh2019"]
[Site "?"]
[Date "2019.03.23"]
[Round "3.4"]
[White "Aoki, Yasuhiro"]
[Black "Manabe, Hiroaki"]
[Result "1-0"]
[WhiteElo "1665"]
[BlackElo "1723"]
[Annotator "Fritz 15 (30s)"]
[PlyCount "55"]
[SourceVersionDate "2019.03.23"]

{A18: English Opening: Flohr-Mikenas System (1 c4 Nf6 2 Nc3 e6 3 e4)} 1. c4 Nf6
2. Nc3 e6 3. e4 d5 4. e5 Nfd7 5. cxd5 Nxe5 6. dxe6 Bxe6 7. d4 Ng6 8. Nf3 $146 (
8. d5 Bc8 (8... Bd7 9. Bd3 Be7 10. Qh5 O-O 11. Nf3 Be8 12. O-O Nd7 13. Ne4 Nf6
14. Nxf6+ Bxf6 15. Re1 c6 16. Bd2 Qd6 17. Rad1 cxd5 18. Ng5 Bxg5 19. Bxg5 f6
20. Bd2 Bf7 21. Re3 Rfe8 22. Rh3 Nf8 23. Bxh7+ {Christiansen,L (2530)-Hebert,J
(2420) San Mateo 1989 1-0 (31)}) 9. Bb5+ (9. Nf3 Be7 10. Be2 (10. Be3 O-O 11.
Be2 c5 12. Qd2 Nd7 13. Rd1 b6 14. O-O Bb7 15. d6 Bf6 16. Ng5 Re8 17. Bf3 Bxf3
18. Nxf3 Ndf8 19. Qd5 Qd7 20. Rd2 Qe6 21. Rfd1 Rad8 22. a4 Ne5 23. Nxe5 Bxe5
24. Nb5 Qxd5 {Raupp,T (2275)-Glienke,M (2320) Germany 1986 0-1 (41)}) 10... O-O
11. O-O Nd7 12. Be3 Nf6 13. h3 a6 14. Qb3 Bd6 15. Rfd1 Re8 16. Bf1 h6 17. Rac1
Qe7 18. Re1 Ne5 19. Nd2 c6 20. Bd4 Qc7 21. Nde4 Nxe4 22. Nxe4 Bf8 23. Qg3 Kh8 {
Salanki,E (2265)-Karadzic,B (2330) Budapest 1986 1-0}) 9... Bd7 10. Qb3 Bd6 11.
Nf3 O-O 12. O-O Nh4 13. Be2 Na6 14. Ne4 Nxf3+ 15. Bxf3 Nc5 16. Nxc5 Bxc5 17.
Bf4 Bb6 18. Rac1 Rc8 19. Qc3 Re8 20. Rfe1 Rxe1+ 21. Rxe1 Qf8 22. b4 c6 {
Lizak,P (2401)-Brinovec,D (2201) Pula 2014 1/2-1/2 (57)}) 8... Be7 9. Bd3 O-O {
Black castles and improves king safety} 10. O-O c5 (10... c6 11. Re1 $11) 11.
dxc5 Bxc5 12. Ne4 (12. Ng5 Nd7 $16) 12... Nd7 (12... Bb6 13. b3 Qd7 14. Be2 $11
) 13. Bg5 {White threatens to win material: Bg5xd8} (13. Nfg5 $5 Bd5 14. Bb5
Bxe4 15. Nxe4 $16) 13... Be7 14. Be3 Nde5 15. Nxe5 Nxe5 16. Be2 f5 17. Nc5 {
White threatens to win material: Nc5xe6. White forks: e6+b7} Bd5 18. Bd4 b6 (
18... Bf6 19. Qd2 $11) 19. Bxe5 Bxc5 20. a3 {Prevents intrusion on b4} Re8 {
Black threatens to win material: Re8xe5} 21. Bc3 Rxe2 $2 (21... Rc8 $142 $11 {
would keep Black in the game}) 22. Qxe2 $16 Qg5 23. g3 Be4 $2 (23... Qg6 $5 $16
) 24. b4 (24. Rad1 $5 {and White can already relax} Rc8 $18) 24... Bf8 25. Bd2
(25. Qc4+ Kh8 26. f3 b5 $18) 25... Qf6 26. Rac1 Re8 $2 (26... Rd8 $5 27. Bf4 g5
$16) 27. Rc7 (27. f3 Bc6 28. Qc4+ Re6 $18) 27... Qe5 (27... Kh8 28. Qc4 $18)
28. Rxa7 1-0

[Event "HokkaidoCh2019"]
[Site "?"]
[Date "2019.03.23"]
[Round "3.5"]
[White "Koyahata, Taku"]
[Black "Kikuchi, Akira"]
[Result "1/2-1/2"]
[WhiteElo "1401"]
[BlackElo "1718"]
[Annotator "Fritz 15 (30s)"]
[PlyCount "72"]
[SourceVersionDate "2019.03.23"]

{[%mdl 8192] A51: Budapest Gambit, Fajarowicz Variation} 1. d4 Nf6 2. c4 e5 3.
d5 c6 (3... Bb4+ 4. Nd2 (4. Bd2 Bxd2+ 5. Nxd2 O-O 6. e4 d6 7. Bd3 a5 8. Ne2 Na6
9. O-O c6 10. Nc3 Nc5 11. Bc2 Bd7 12. Kh1 Qe7 13. Qe2 g6 14. f4 exf4 15. Rxf4
Nh5 16. Rf2 Qh4 17. Qe1 Rae8 18. Nf1 Qg5 {Dolezal,R (2429)-Charleshouse,G 
(2174) Teplice 2010 1/2-1/2 (32)}) 4... a5 5. g3 O-O 6. Bg2 Na6 7. Nh3 Re8 8.
O-O e4 9. Nb3 d6 10. a3 Bc5 11. Nxa5 c6 12. b4 cxd5 13. cxd5 Bb6 14. Nc4 Nxd5
15. Qxd5 Be6 16. Qb5 Bd4 17. Bg5 f6 18. Rad1 {Manolache,M (2501)-Vidal del Rio,
M (2178) Ourense 2006 1-0 (34)}) 4. Nc3 Bb4 $146 (4... cxd5 5. cxd5 d6 6. g3 g6
7. Bg2 Bg7 8. Nf3 O-O 9. O-O a6 10. a4 Nbd7 11. Nd2 Re8 12. a5 b5 13. axb6 Nxb6
14. Nb3 Qc7 15. Na5 Bd7 16. h3 Bb5 17. Re1 Nc4 18. Nxc4 Bxc4 19. Qa4 {
Hernandez,J (2300)-Remon,A (2200) Cienfuegos 1976 1-0}) 5. dxc6 Nxc6 6. Bd2 O-O
7. a3 (7. e3 Ba5 $15) 7... Bxc3 $17 8. Bxc3 d5 9. cxd5 Nxd5 10. Bd2 Bf5 11. e3
{White has a cramped position} Rc8 12. Bb5 {White is behind in development.} (
12. Ne2 Bd3 $17) 12... Qb6 13. Ba4 (13. Qb3 $5 Nf4 $1 {registering a claim to
victory} 14. Bc4 Nxg2+ 15. Kf1 Qxb3 16. Bxb3 $19) 13... Qxb2 $19 14. Ne2 Qb6 (
14... Rfd8 $142 $5 15. Qc1 Qb6 $19) 15. O-O Rfd8 16. Qe1 (16. Ng3 Nc3 $1 {
Deflection: d2} 17. Qf3 Nxa4 18. Nxf5 g6 $17) 16... Qa6 (16... Bd3 17. Bxc6
Qxc6 18. f3 $19) 17. Bb3 (17. Bxc6 Qxc6 18. f3 Qb6 $17) 17... Bd3 $19 18. Bd1
f5 19. f3 (19. a4 Qb6 $19) 19... Kh8 (19... Qb6 $142 $5 20. Rf2 Nxe3 $19) 20.
Rf2 $17 Qb6 21. Nc3 Nxc3 22. Bxc3 Qc7 (22... Qc5 23. Bb3 $17) 23. Bc2 (23. Bb3
Qe7 $15) 23... Bxc2 (23... Ne7 24. Ba5 b6 25. Bxd3 Rxd3 26. Rd2 $17) 24. Rxc2
Qf7 25. f4 (25. Rac1 Qe6 $17) 25... exf4 26. exf4 Re8 {Black threatens to win
material: Re8xe1} (26... Nd4 $142 27. Rd2 Re8 $17) 27. Qg3 $4 (27. Re2 Rxe2 28.
Qxe2 Qe7 $17) 27... Kg8 $4 {hands over the advantage to the opponent} (27...
Nd4 $142 $1 {and Black wins} 28. Bxd4 Rxc2 $19) 28. Rac1 Re7 29. Bb2 Rce8 30.
Rc5 g6 (30... Re3 $142 $5 31. Rxf5 Rxg3 32. Rxf7 Rxg2+ 33. Kxg2 Kxf7 $17) 31.
Qc3 $11 {White has a mate threat} Kf8 32. a4 Re4 {Black threatens to win
material: Re4xa4. Black forks: a4+f4} 33. Ba3 Kg8 34. Bb2 (34. Rxc6 bxc6 35.
Bb2 Kf8 $11) 34... Kf8 $4 {Black is ruining his position} (34... Nd4 $142 35.
Qxd4 Rxd4 36. Bxd4 Qd7 $17) 35. Ba3 $4 {White lets it slip away} (35. Rb5 Re3
36. Qh8+ Qg8 37. Qf6+ Qf7 38. Qxf7+ Kxf7 39. Rxb7+ R8e7 40. Rxe7+ Nxe7 $11)
35... Kg8 {Twofold repetition} 36. Bb2 Kf8 1/2-1/2

[Event "HokkaidoCh2019"]
[Site "?"]
[Date "2019.03.23"]
[Round "3.6"]
[White "Takeuchi, Hiroshi"]
[Black "Kobayashi, Katsuhiko"]
[Result "1-0"]
[WhiteElo "1276"]
[BlackElo "1564"]
[Annotator "Fritz 15 (30s)"]
[PlyCount "125"]
[SourceVersionDate "2019.03.23"]

{[%mdl 8192] A48: 1 d4 Nf6 2 Nf3 g6: Torre, London and Colle Systems} 1. d4 Nf6
2. Nf3 g6 3. Nc3 Bg7 4. Bf4 d6 5. e3 (5. Qd2 h6 6. h3 g5 7. Bg3 Bf5 8. e3 Ne4
9. Nxe4 Bxe4 10. Bd3 Bxd3 11. cxd3 Nd7 12. O-O e6 13. Rac1 O-O 14. a4 Nf6 15.
Qb4 b6 16. Rc6 a5 17. Qc4 Ne8 18. e4 Qe7 19. Re1 Rd8 {Prie,E (2529)-Vaisser,A 
(2515) Belfort 2010 1-0 (46)}) 5... O-O 6. Be2 Bg4 $146 (6... Nbd7 7. O-O Re8
8. h3 b6 9. Bc4 Bb7 10. Bh2 e5 11. dxe5 dxe5 12. Qe2 Ne4 13. Nxe4 Bxe4 14.
Bxf7+ Kxf7 15. Qc4+ Kf8 16. Qxe4 Nc5 17. Qc4 Qe7 18. Rad1 Bf6 19. Nd2 a5 20.
Ne4 Nxe4 21. Qxe4 {Sakhatova,E (2330)-Kim,O (2250) Yerevan 1996 1-0 (66)}) 7.
h3 {White threatens to win material: h3xg4} Bd7 8. Qd2 Nc6 9. O-O-O Nh5 10.
Rdg1 (10. Bg5 $5 $14 {has some apparent merit}) 10... Nxf4 $11 11. exf4 e5 12.
fxe5 dxe5 13. dxe5 Nxe5 14. Nxe5 Bxe5 15. Bc4 (15. f4 Bg7 $15) 15... g5 (15...
Bc6 16. Qxd8 Raxd8 17. f3 $17) 16. g3 {Controls f4} (16. Qd5 $142 Bxc3 17. bxc3
$11) 16... Bxc3 $4 {throwing away the advantage} (16... Bc6 17. Nd5 b5 $17) 17.
Qxc3 $16 Be6 18. f4 Bd5 (18... Bxc4 19. Qxc4 c6 20. Qc5 $16) 19. Bxd5 (19. Rd1
c6 $18) 19... Qxd5 $16 20. b3 f6 (20... Rad8 21. Rd1 Qf5 22. Kb2 $16) 21. Rd1
Qf7 22. Rhf1 h6 (22... Qg7 23. Rfe1 $16) 23. g4 (23. fxg5 hxg5 24. h4 Qg7 $18)
23... Qg7 24. Kb1 Rad8 25. Rxd8 Rxd8 26. fxg5 hxg5 (26... fxg5 $142 27. Qc4+
Kh8 $16) 27. Qxf6 $4 {simply marches past the door to victory.} (27. Rxf6 Rd1+
28. Kb2 Rd5 $16) 27... Qxf6 (27... Rd1+ $142 $1 {and Black wins} 28. Rxd1 Qxf6
$19) 28. Rxf6 $16 Rd1+ 29. Kb2 Kg7 30. Rf3 c5 $2 (30... Rd2 $142 $5 $16) 31.
Rf5 $18 Rh1 $2 (31... Kg6 32. Rxc5 Rd7 $18) 32. Rxg5+ Kf6 (32... Kh6 {does not
solve anything} 33. Rxc5 Rxh3 34. Rc7 $18) 33. Rxc5 Rxh3 34. Rc7 Rg3 (34... a5
{is no salvation} 35. Rxb7 Rh8 36. Ra7 $18) 35. Rxb7 a5 36. Rb6+ (36. Ra7 $142
{seems even better} Ke6 37. Rxa5 Rg2 $18) 36... Kg5 (36... Ke7 {cannot change
destiny} 37. Ra6 $18) 37. Rb5+ Kxg4 (37... Kf4 38. a4 Rxg4 39. Rxa5 Rg6 $18)
38. Rxa5 Kf4 39. Rc5 Ke4 40. a4 Kd4 41. Rc8 Rg7 (41... Rg6 {is not much help}
42. a5 Kd5 43. b4 $18) 42. Rc4+ Kd5 (42... Ke3 {is not the saving move} 43. b4
Ra7 44. a5 $18) 43. Ka3 Rb7 (43... Ra7 $18 {hoping against hope}) 44. a5 Ra7
45. Ka4 Ra6 (45... Ke5 {what else?} 46. b4 Ra8 $18) 46. Kb5 Ra8 47. a6 Kd6 48.
Ka5 Kd7 (48... Kd5 49. Kb6 Rb8+ 50. Kc7 Rg8 51. a7 Ke5 52. Kb7 Kd5 53. a8=Q
Rxa8 54. Kxa8 Ke5 55. Ka7 Kd5 56. Rc8 Ke5 57. b4 Ke6 58. b5 Kf7 59. b6 Kf6 60.
b7 Ke6 61. b8=Q Kd5 62. Qb7+ Ke6 63. Rf8 Kd6 64. Qe4 Kd7 65. Kb6 Kd6 66. Rd8#)
49. b4 Rh8 50. b5 Rc8 51. Rxc8 Kxc8 52. Kb6 (52. a7 $5 Kd7 53. b6 Ke8 54. a8=Q+
Kf7 55. b7 Kf6 56. b8=Q Kf5 57. Qf3+ Kg6 58. Qg8+ Kh6 59. Qh3#) 52... Kb8 53.
c4 Ka8 (53... Kc8 {doesn't change anything anymore} 54. a7 Kd7 55. c5 Ke6 56.
a8=Q Ke7 57. Qe4+ Kf7 58. Qf5+ Kg7 59. c6 Kh8 60. Qd7 Kg8 61. c7 Kh8 62. c8=R#)
54. c5 (54. Kc7 Ka7 55. b6+ Kxa6 56. b7 Ka5 57. b8=Q Ka4 58. Qb2 Ka5 59. Qb5#)
54... Kb8 55. c6 Ka8 56. Kc7 Ka7 57. b6+ Kxa6 58. b7 Ka5 (58... Kb5 {doesn't
get the bull off the ice} 59. b8=Q+ Kc5 60. Qb6+ Kc4 61. Qe3 Kb4 62. Kb6 Kc4
63. c7 Kd5 64. c8=Q Kd6 65. Qc6#) 59. b8=Q Ka4 60. Kd6 (60. Qb2 Ka5 61. Qb3 Ka6
62. Qb6#) 60... Ka3 61. Kc5 Ka2 62. Kc4 Ka1 63. Kc3 (63. Kc3 Ka2 64. Qb2#) 1-0

[Event "HokkaidoCh2019"]
[Site "?"]
[Date "2019.03.23"]
[Round "3.7"]
[White "Ito, Katsuhide"]
[Black "Sato, Yasuji"]
[Result "0-1"]
[WhiteElo "1303"]
[BlackElo "1478"]
[Annotator "Fritz 15 (30s)"]
[PlyCount "64"]
[SourceVersionDate "2019.03.23"]

{[%mdl 8256] C78: Ruy Lopez: Archangelsk and Mler Defences} 1. e4 e5 2. Nf3
Nc6 3. Bb5 a6 4. Ba4 Nf6 5. O-O Bc5 6. c3 O-O 7. d4 exd4 (7... Bb6 8. Bg5 h6 9.
Bh4 d6 10. Qd3 Ne7 11. Nbd2 Ng6 12. Bg3 Nh5 13. Nc4 Ba7 14. Bb3 b5 15. Ne3 Nhf4
16. Qd2 Bb7 17. d5 Qf6 18. Kh1 Bc8 19. Ng1 h5 20. f3 Qg5 21. Rad1 h4 22. Bf2 {
Grabarczyk,B (2441)-Macieja,B (2629) Opole 2007 0-1 (40)}) 8. cxd4 Ba7 9. Re1
d6 $146 {Prevents intrusion on e5} (9... b5 10. Bb3 d6 11. h3 Na5 12. Bc2 Bb7
13. Bg5 h6 14. Bh4 Re8 {1/2-1/2 (14) Laszlo,J (2280)-Mester,G (2255) Debrecen
1994}) 10. h3 {Controls g4} d5 11. e5 {White gets more space} Ne4 12. Bc2 {
White threatens to win material: Bc2xe4} f5 {White has a new protected passed
pawn: e5} 13. Nc3 Be6 {Blocks the pawn on e5} 14. Bb3 Ne7 (14... h6 15. a3 $11)
15. Be3 (15. Nxe4 $5 fxe4 16. Ng5 $16) 15... c6 {Secures b5} 16. Ng5 {White
threatens to win material: Ng5xe6} (16. a4 h6 $11) 16... Qd7 (16... Nxg5 17.
Bxg5 f4 18. Qd2 $15) 17. Ne2 {White has an active position} (17. Nxe6 Qxe6 18.
Ne2 Ng6 $14) 17... Ng6 (17... f4 $5 18. Bxf4 Rxf4 19. Nxe6 Rxf2 $11) 18. Nxe6
$14 Qxe6 19. Nf4 (19. f3 $5 f4 20. fxe4 fxe3 21. Qd3 $14) 19... Nxf4 $11 20.
Bxf4 g5 (20... Qe7 21. Qd3 $11) 21. Bc1 (21. Bh2 Rae8 $16) 21... Qg6 22. f3 {
White threatens to win material: f3xe4} Ng3 23. Bc2 h6 (23... Qh6 $142 $14) 24.
e6 $4 {weakening the position} (24. Kh2 $142 Nh5 25. Rf1 $16) 24... Rae8 $17
25. f4 $2 (25. Be3 $142 $17) 25... Rxe6 $19 26. Be3 $2 (26. Kh2 Rxe1 27. Qxe1
$19) 26... Rfe8 27. Bf2 Rxe1+ 28. Bxe1 Bxd4+ $1 {Decoy: d4} 29. Bf2 (29. Qxd4
Ne2+ {Decoy Double attack}) 29... Bxf2+ 30. Kxf2 gxf4 31. Qd4 (31. Kg1 Ne2+ 32.
Kf1 f3 33. g4 Qd6 34. Be4 Qh2 35. Ke1 Nd4 36. Qd3 Rxe4+ 37. Qxe4 fxe4 38. Kf1
Qg2+ 39. Ke1 Qe2#) 31... Ne4+ (31... Re2+ 32. Kg1 f3 33. Qf2 Rxf2 34. Kxf2 Ne4+
35. Bxe4 Qxg2+ 36. Ke3 fxe4 37. h4 f2 38. Rc1 Qf3+ 39. Kd4 f1=Q 40. Rxf1 Qxf1
41. b3 b6 42. Ke5 e3 43. Kd6 e2 44. h5 e1=Q 45. Kxc6 Qb5+ 46. Kb7 Qe7+ 47. Kc8
Qbe8#) 32. Kg1 (32. Bxe4 fxe4 33. b3 e3+ 34. Kg1 Qg3 35. Qxf4 Qxf4 36. Rf1 Qh4
37. Kh1 e2 38. Rg1 e1=Q 39. b4 Qxg1+ 40. Kxg1 Qg3 41. Kh1 Re1#) 32... f3 (32...
f3 33. g4 Qd6 34. Kh1 Qg3 35. Qg1 Nf2+ 36. Qxf2 Qxf2 37. Rg1 Re1 38. gxf5+
Rxg1#) 0-1

[Event "HokkaidoCh2019"]
[Site "?"]
[Date "2019.03.24"]
[Round "4.2"]
[White "Sugimoto, Koichi"]
[Black "Aoki"]
[Result "1-0"]
[WhiteElo "2013"]
[BlackElo "1665"]
[Annotator "Fritz 15 (30s)"]
[PlyCount "69"]
[SourceVersionDate "2019.03.23"]

{[%mdl 8192] E97: King's Indian: Classical Main Line (6...e5 7 0-0 Nc6): 8 Be3
and 8 d5 Ne7, not 9 Ne1} 1. d4 Nf6 2. c4 g6 3. Nc3 Bg7 4. e4 d6 5. Nf3 O-O 6.
Be2 e5 7. O-O Nc6 8. d5 Ne7 9. b4 a5 10. Ba3 axb4 11. Bxb4 Bd7 $146 (11... b6
12. a4 Bd7 (12... Ne8 13. Nb5 (13. a5 c5 14. dxc6 bxa5 (14... Nxc6 15. Ba3 Nxa5
16. Nb5 Nb7 17. Bb4 Rxa1 18. Qxa1 Nc5 19. Bxc5 bxc5 20. Qa8 Nc7 21. Qc6 Nxb5
22. cxb5 Qd7 23. Rd1 Rd8 24. Qb6 Bf6 25. Nd2 Qb7 26. Qxb7 Bxb7 27. Nc4 Bxe4 28.
Rxd6 Rxd6 29. Nxd6 {Nutu Gajic,D (2350)-Jelica,M (2165) Nova Gorica 1992 1/2-1/
2 (40)}) 15. c7 Qxc7 16. Nd5 Nxd5 17. cxd5 Nf6 18. Bd3 Bf5 19. Rc1 Qb8 20. Ba3
Bxe4 21. Bxe4 Nxe4 22. Rc6 a4 23. Nd2 Nxd2 24. Qxd2 Rd8 25. Rfc1 e4 26. Rc7 Qb3
27. Qf4 Qxd5 {Finegold,B (2490)-Har Zvi,R (2425) Groningen 1992 0-1 (40)})
13... f5 14. a5 (14. Nd2 Kh8 15. Bf3 Ng8 16. a5 bxa5 17. Rxa5 Rxa5 18. Bxa5
Ngf6 19. Qc2 Bd7 20. Rb1 Qa8 21. Bxc7 Nxc7 22. Nxc7 Qc8 23. Nb5 Qc5 24. Nb3 Qb6
25. Nc3 Rc8 26. c5 dxc5 27. Nd2 Qa6 28. Be2 c4 {Veingold,A (2425)-Maki,V (2420)
Finland 1996 1/2-1/2 (41)}) 14... fxe4 15. Nd2 c5 16. dxc6 Nxc6 17. Bc3 bxa5
18. Nxe4 Be6 19. Nexd6 Nxd6 20. Nxd6 Nd4 21. c5 Nb3 22. Bf3 Ra7 23. Bd5 Nxc5
24. Bxe6+ Nxe6 25. Qd5 Qe7 26. Bxe5 Bxe5 27. Qxe5 {Anand,V (2725)-Shirov,A 
(2690) Monte Carlo 1996 1/2-1/2 (48)}) 13. a5 bxa5 14. Bxa5 Ne8 15. Nd2 f5 16.
c5 dxc5 17. Nb3 c4 18. Nd2 Nd6 19. Nxc4 Nec8 20. Qb3 Ra7 21. Qb4 Nxc4 22. Bxc4
Nd6 23. Ra2 Kh8 24. Rfa1 Qg5 25. Qc5 Rfa8 26. Bxc7 {Panczyk,K (2380)-Nicevski,
R (2355) Polanica Zdroj 1982 0-1 (33)}) 12. c5 {White threatens to win
material: c5xd6} Ne8 13. a4 f5 {Black has a cramped position} 14. Ng5 fxe4 15.
Ncxe4 Nf5 16. Bg4 {White has a very active position} (16. Bc4 Nd4 $16) 16...
Nd4 {An ideal square for the black knight.} (16... Qe7 17. Re1 $14) 17. cxd6 (
17. Be6+ Kh8 $16) 17... cxd6 (17... Nxd6 $5 {must definitely be considered} 18.
Bxd7 Qxd7 $16) 18. Be6+ $16 Bxe6 19. Nxe6 Nxe6 20. dxe6 Rf4 21. Rb1 (21. Qd5
Qe7 22. a5 h6 $18) 21... Rxe4 22. e7 Qxe7 23. Qd5+ Kh8 (23... Qf7 $5 24. Qxe4
d5 $16) 24. Qxe4 Nf6 25. Qc2 Qd7 26. Rfd1 Bf8 $2 (26... d5 $5 $16) 27. a5 $18
Rc8 (27... Rd8 28. Ba3 $18) 28. Qb3 Rc6 $2 (28... Rc7 $142 $18) 29. Be1 Rc7 (
29... Qd8 $18 {cannot undo what has already been done}) 30. f3 (30. Rdc1 {
keeps an even firmer grip} Rxc1 31. Rxc1 h6 $18) 30... Nh5 $2 (30... Qe8 31.
Bh4 Nh5 32. Rdc1 $18) 31. g3 (31. Rdc1 $142 $18 {makes it even easier for White
}) 31... Qc6 $4 {terrible, but what else could Black do to save the game?} (
31... Ng7 32. Rdc1 Rxc1 33. Rxc1 $18) 32. Bf2 (32. Rdc1 $142 {and the rest is
a matter of technique} Qxc1 33. Rxc1 Rxc1 34. Qf7 $18) 32... Kg7 $6 {puts up
no fight} (32... Ng7 $18) 33. Qd5 Qc2 (33... Qa6 {a last effort to resist the
inevitable} 34. Rdc1 Rd7 $18) 34. Rxb7 Rxb7 (34... Nf6 {praying for a miracle}
35. Qd3 Qxf2+ 36. Kxf2 Rxb7 $18) 35. Qxb7+ (35. Qxb7+ Kf6 36. Re1 Nxg3 37. hxg3
$18) 1-0